Pharmacology : Examination & board review

Short discussion of the major concepts that underlie basic principles or specific drug groups. Explanatory figures and tables. Review questions followed by answers and explanations. Drug trees in drug-oriented chapters that visually organize drug groups. A list of high-yield terms and definitions yo...

Ausführliche Beschreibung

Gespeichert in:
Bibliographische Detailangaben
1. Verfasser: Katzung, Bertram G.
Format: Buch
Sprache:Undetermined
Veröffentlicht: Norwalk, Connecticut Appleton & Lange 1993
Schlagworte:
Tags: Tag hinzufügen
Keine Tags, Fügen Sie den ersten Tag hinzu!
Thư viện lưu trữ: Trung tâm Học liệu Trường Đại học Cần Thơ
LEADER 01267nam a2200205Ia 4500
001 CTU_189559
008 210402s9999 xx 000 0 und d
082 |a 616.1 
082 |b K19 
100 |a Katzung, Bertram G. 
245 0 |a Pharmacology : 
245 0 |b Examination & board review 
245 0 |c Bertram G. Katzung, Anthony J. Trevor 
260 |a Norwalk, Connecticut 
260 |b Appleton & Lange 
260 |c 1993 
520 |a Short discussion of the major concepts that underlie basic principles or specific drug groups. Explanatory figures and tables. Review questions followed by answers and explanations. Drug trees in drug-oriented chapters that visually organize drug groups. A list of high-yield terms and definitions you need to know. Skill Keeper Questions that prompt you to review previous material to understand links between related topics. A checklist of tasks you should be able to perform upon completion of a chapter. Summary tables that list the important drugs and include key information about their mechanisms of action, effects, clinical uses, pharmacokinetics, drug interactions, and toxicities. 
650 |a Pharmacology,Dược vật học 
904 |i Trúc 
980 |a Trung tâm Học liệu Trường Đại học Cần Thơ